| 000 | 01072cam a22002893a 4500 | ||
|---|---|---|---|
| 001 | 8222 | ||
| 003 | PGUSA | ||
| 005 | 20140828083154.0 | ||
| 008 | 050601s2005||||xxu|||||s|||||000 i eng d | ||
| 040 |
_aPGUSA _beng |
||
| 042 | _adc | ||
| 050 | 4 | _aPS | |
| 100 | 1 |
_aCurtis, George William, _d1824-1892 |
|
| 245 | 1 | 0 |
_aEarly Letters of George Wm. Curtis to John S. Dwight; Brook Farm and Concord _h[electronic resource] / _cGeorge William Curtis |
| 260 |
_bProject Gutenberg, _c2005 |
||
| 506 | _aPublic domain in the USA. | ||
| 516 | _aElectronic text | ||
| 653 | _aBrook Farm Phalanx (West Roxbury, Boston, Mass.) | ||
| 653 | _aDwight, John Sullivan, 1813-1893 -- Correspondence | ||
| 653 | _aAuthors, American -- 19th century -- Correspondence | ||
| 653 | _aCurtis, George William, 1824-1892 -- Correspondence | ||
| 700 | 1 |
_aCooke, George Willis, _d1848-1923 |
|
| 740 | 0 | _aEarly Letters of George William Curtis to John S. Dwight; Brook Farm and Concord | |
| 830 | 0 |
_aProject Gutenberg _v8222 |
|
| 856 | 4 | 0 | _uhttp://www.gutenberg.org/ebooks/8222 |
| 942 | _cEB | ||
| 999 |
_c237522 _d237522 |
||